Statistics for Scottish Lochs Map (easier version)

Click here to take the quiz!

General Stats

  • This quiz has been taken 60 times
    (56 since last reset)
  • The average score is 5 of 10

Answer Stats

Surface Area (ha) Body of Water % Correct
5533Loch {Ness}
100%
7073Loch {Lomond}
96%
2640Loch {Tay}
69%
3804Loch {Awe}
62%
1881Loch {Rannoch}
50%
2683Loch {Morar}
35%
1993Loch {Shiel}
35%
3293Loch {Shin}
31%
2798Loch {Maree}
23%
1860 (2238 dammed)Loch {Ericht}
23%

Score Distribution

Percentile by Number Answered

Percent of People with Each Score

Your Score History

You have not taken this quiz since the last reset